La historia de Almita una gata andina /
Guardado en:
| Autor Corporativo: | |
|---|---|
| Otros Autores: | |
| Formato: | Libro |
| Idioma: | Undetermined |
| Publicado: |
Bahía Blanca :
Alianza Gato Andino,
2007.
|
| Materias: | |
| Etiquetas: |
Agregar Etiqueta
Sin Etiquetas, Sea el primero en etiquetar este registro!
|
| LEADER | 00649nam a22001815a 4500 | ||
|---|---|---|---|
| 001 | CEM.cems024555 | ||
| 008 | 250421s2007####ag############000#0#und#d | ||
| 005 | 20250421161140.0 | ||
| 245 | 1 | 0 | |a La historia de Almita una gata andina / |c Alianza Gato Andino y Grupo de Ecología Comportamental de Mamíferos. |
| 260 | |a Bahía Blanca : |b Alianza Gato Andino, |c 2007. | ||
| 300 | |a 28 p. | ||
| 110 | 2 | |a Alianza Gato Andino. | |
| 700 | 1 | |a Grupo de Ecología Comportamental de Mamíferos. | |
| 653 | |a Fauna argentina | ||
| 653 | |a Fábula | ||
| 653 | |a Literatura argentina | ||
| 653 | |a Puna argentina | ||
| 859 | |a CEMS |b BIB. CEMS - Inicial y Primaria |h A863.4 |k IP |p 1885 |t Ej.1 | ||
